| 000 | 01271cam a22003617a 4500 | ||
|---|---|---|---|
| 003 | CHAP | ||
| 005 | 20220329142604.0 | ||
| 008 | 010920d2001 mx r 00110 spa d | ||
| 010 | _a85340 | ||
| 011 | _a86312 | ||
| 035 | _a96850 | ||
| 040 | _cCHAP | ||
| 090 | _aTesis | ||
| 100 | 0 | 0 |
_aAlvarado Hernández, Víctor Hugo. _94785 |
| 245 | 1 | 0 |
_aControl de fungus gnat (Bradysia sp.) en gerbera (Gerbera jamesonii H. Bolus) _c/por Víctor Hugo Alvarado Hernández |
| 260 |
_aChapingo, Méx. : _bEl autor, _c2002. |
||
| 300 | _a56 h. | ||
| 502 | _aTesis(Ing. Agr. Esp. en Fitotecnia) -- UACH. Departamento de Fitotecnia | ||
| 590 |
_aALEPH _b10 _c20130110 _lUCH01 _h1446 |
||
| 590 |
_aBATCH-UPD _b10 _c20130110 _lUCH01 _h0539 |
||
| 590 |
_aBATCH-UPD _b10 _c20130110 _lUCH01 _h2234 |
||
| 590 |
_aBATCH-UPD _b10 _c20130410 _lUCH01 _h0220 |
||
| 590 |
_aBATCH-UPD _b10 _c20130914 _lUCH01 _h0254 |
||
| 590 |
_aCONVERSION _b10 _c20130109 _lUCH01 _h1347 |
||
| 650 | 1 | 4 |
_aBradysia. _914980 |
| 650 | 1 | 4 |
_aControl biológico de insectos. _927582 |
| 650 | 1 | 4 |
_aGerbera _xPlagas. _947721 |
| 901 | _aBK | ||
| 905 | _aAlejandra Carrasco M. | ||
| 942 | _cFOLL | ||
| 949 |
_aTesis _bBC _cTES _d33724000863122 _eTS2 _fc.2 _h39309 _i96850 _si |
||
| 949 |
_aTesis _bBC _cTES _d968501 _eTS1 _h39308 _i96850 _sb |
||
| 999 |
_c85340 _d85340 |
||